UBT Library

Population : (Record no. 40723)

000 -LEADER
fixed length control field 00593cam a2200217 i 4500
001 - CONTROL NUMBER
control field 2217103
005 - DATE AND TIME OF LATEST TRANSACTION
control field 20180123040024.0
008 - FIXED-LENGTH DATA ELEMENTS--GENERAL INFORMATION
fixed length control field 760130s1976 maua b 001 0 eng
010 ## - LIBRARY OF CONGRESS CONTROL NUMBER
LC control number 75031031
020 ## - INTERNATIONAL STANDARD BOOK NUMBER
International Standard Book Number 0395206278
040 ## - CATALOGING SOURCE
Original cataloging agency DLC
Transcribing agency DLC
Modifying agency DLC
041 ## - LANGUAGE CODE
Language code of text/sound track or separate title eng
080 ## - UNIVERSAL DECIMAL CLASSIFICATION NUMBER
Universal Decimal Classification number 301.32 cha
082 00 - DEWEY DECIMAL CLASSIFICATION NUMBER
Classification number 301.32 cha
100 1# - Rafti
Rafti 42
101 ## - Shkurtesa
Shkurtesa gje
245 10 - TITLE STATEMENT
Title Population :
Statement of responsibility, etc Charles B. Nam, Susan O. Gustavus.
504 ## - BIBLIOGRAPHY, ETC. NOTE
Bibliography, etc Includes bibliographies and index.
906 ## - LOCAL DATA ELEMENT F, LDF (RLIN)
a 7
b cbc
c orignew
d 2
e ocip
f 19
g y-gencatlg
942 ## - ADDED ENTRY ELEMENTS (KOHA)
Source of classification or shelving scheme
Item type Books
Holdings
Withdrawn status Lost status Source of classification or shelving scheme Damaged status Not for loan Collection code Permanent location Current location Shelving location Date acquired Total Checkouts Full call number Barcode Date last seen Price effective from Koha item type
          Koleksioni i përgjithshem UBT - Lipjan UBT - Lipjan Koleksioni i përgjithshem 01/23/2018   301.32 cha 002-2995973 01/23/2018 01/23/2018 Books
UBT Library © 2015-2024. All rights reserved University Education for Business and Technology